Megacities in the World in 2050 Based on Current Growth Rates - Statistics

General Stats
  • This quiz has been taken 767 times
  • The average score is 70 of 91
Answers on the Map
Answers color-coded by a green-red scale on the quiz's map according to % correct below.
 
Answer Stats
Country Population in 2050 City % Correct
Egypt 69,350,000 Cairo
97%
India 73,350,000 Delhi
97%
United Kingdom 17,700,000 London
97%
Mexico 52,050,000 Mexico City
97%
Russia 23,200,000 Moscow
97%
United States 16,000,000 New York
97%
Japan 49,200,000 Tokyo
97%
Turkey 36,500,000 Istanbul
96%
United States 16,150,000 Los Angeles
96%
Spain 11,775,000 Madrid
96%
France 12,850,000 Paris
96%
Peru 22,700,000 Lima
95%
China 100,800,000 Shanghai
95%
Argentina 23,850,000 Buenos Aires
94%
Indonesia 58,200,000 Jakarta
94%
India 45,900,000 Mumbai
94%
Brazil 20,550,000 Rio de Janeiro
94%
Chile 18,675,000 Santiago
94%
Brazil 29,850,000 São Paulo
94%
Thailand 33,900,000 Bangkok
93%
Belgium 12,512,500 Brussels
93%
United States 13,100,000 Dallas
93%
United Arab Emirates 21,287,500 Dubai
93%
South Africa 25,800,000 Johannesburg
93%
Nigeria 47,650,000 Lagos
93%
Italy 20,650,000 Milan
93%
Iran 27,100,000 Tehran
93%
Canada 12,725,000 Toronto
93%
China 20,000,000 Beijing
92%
Colombia 11,975,000 Bogota
92%
Philippines 50,950,000 Manila
92%
South Korea 30,800,000 Seoul
92%
Australia 11,200,000 Sydney
92%
United States 11,150,000 Houston
91%
Iraq 10,050,000 Baghdad
90%
Saudi Arabia 22,900,000 Riyadh
90%
China 76,600,000 Guangzhou
89%
Vietnam 43,225,000 Ho Chi Minh City
89%
D.R. Congo 47,250,000 Kinshasa
89%
Australia 12,300,000 Melbourne
89%
Japan 17,700,000 Osaka
89%
Bangladesh 42,050,000 Dhaka
88%
Malaysia 19,300,000 Kuala Lumpur
87%
Kenya 11,175,000 Nairobi
87%
Singapore 10,075,000 Singapore
87%
Afghanistan 11,362,500 Kabul
86%
Pakistan 37,050,000 Karachi
85%
India 25,700,000 Kolkata
83%
Sudan 14,475,000 Khartoum
82%
Jordan 11,500,000 Amman
81%
Senegal 10,087,500 Dakar
81%
Pakistan 32,350,000 Lahore
81%
Angola 20,050,000 Luanda
81%
China 17,225,000 Wuhan
81%
Mexico 11,350,000 Guadalajara
80%
India 30,100,000 Bangalore
79%
China 10,450,000 Hong Kong
79%
Tanzania 14,425,000 Dar es Salaam
78%
Mexico 16,837,500 Monterrey
77%
China 12,175,000 Xi'an
77%
India 24,650,000 Chennai
76%
Saudi Arabia 12,762,500 Jeddah
76%
Nigeria 11,337,500 Abuja
75%
India 22,000,000 Hyderabad
75%
China 20,150,000 Chengdu
74%
Uzbekistan 12,000,000 Tashkent
71%
China 20,450,000 Tianjin
69%
China 17,100,000 Chongqing
68%
Japan 10,500,000 Nagoya
68%
India 19,625,000 Ahmedabad
66%
Myanmar 10,825,000 Yangon
66%
Ivory Coast 11,550,000 Abidjan
64%
China 16,000,000 Xiamen
64%
Nigeria 11,375,000 Kano
62%
India 15,800,000 Pune
58%
Indonesia 20,100,000 Bandung
55%
Indonesia 24,637,500 Surabaya
55%
China 13,675,000 Hangzhou
51%
Mexico 17,800,000 Puebla
48%
China 11,325,000 Qingdao
46%
India 15,600,000 Surat
46%
China 12,300,000 Changsha
43%
China 11,725,000 Shenyang
41%
Indonesia 12,050,000 Medan
40%
China 11,262,500 Hefei
34%
China 11,125,000 Jinan
28%
China 13,137,500 Shijiazhuang
24%
Indonesia 11,395,000 Yogyakarta
23%
China 10,262,500 Luoyang
15%
China 11,465,000 Anyang
9%
China 13,267,500 Xinxiang
7%
No matching quizzes found
Score Distribution
Percent of People with Each Score
Percentile by Number Answered
Your Score History
You have not taken this quiz